书目信息 |
| 题名: |
低压电气装置的设计安装和检验
|
|
| 作者: | 王厚余 编著 | |
| 分册: | ||
| 出版信息: | 北京 中国电力出版社 2003.06 |
|
| 页数: | 284页 | |
| 开本: | 19cm | |
| 丛书名: | ||
| 单 册: | ||
| 中图分类: | TM52 | |
| 科图分类: | ||
| 主题词: | 低压电器--di ya dian qi--电气设备--设计 , 低压电器--di ya dian qi--电气设备--检验 , 低压电器--di ya dian qi--电气设备--安装 | |
| 电子资源: | ||
| ISBN: | 7-5083-1463-8 | |
| 000 | 01242nam0 2200241 450 | |
| 001 | 010252634140 | |
| 005 | 20051111145751.84 | |
| 010 | @a7-5083-1463-8@dCNY18.00 | |
| 100 | @a20051025d2003 km y0chiy0120 ea | |
| 101 | 0 | @achi |
| 102 | @aCN@b110000 | |
| 105 | @aa z 000yy | |
| 200 | 1 | @a低压电气装置的设计安装和检验@Adi ya dian qi zhuang zhi de she ji an zhuang he jian yan@f王厚余编著@Fwang hou yu bian zhu |
| 210 | @a北京@c中国电力出版社@d2003.06 | |
| 215 | @a284页@c图@d19cm | |
| 330 | @a为适应低压电气装置减灾和我国加入世贸组织后的低压电气装置设计、安装、检验工作与国际电工标准接轨的需要,本书依照国际电工委员会第64技术委员会出版的低压电气装置标准和发达国家的标准、资料,对低压电气安全的基本理论、电气事故的起因及其防范措施进行了较详尽的阐述。对低压装置的接地、等电位联结、电气隔离、特低电压、剩余电流动作保护器等电气安全措施的应用,以及对电击、电气火灾、谐波电流、暂态和瞬态过电压、电磁干扰等电气灾害的危害和防范作了深入浅出、通俗易懂的介绍。 | |
| 606 | 0 | @a低压电器@Adi ya dian qi@x电气设备@x设计 |
| 606 | 0 | @a低压电器@Adi ya dian qi@x电气设备@x检验 |
| 606 | 0 | @a低压电器@Adi ya dian qi@x电气设备@x安装 |
| 690 | @aTM52@v4 | |
| 701 | 0 | @a王厚余@Awang hou yu@4编著 |
| 801 | 0 | @aCN@bQSSK@c20051111 |
| 905 | @a10447@dTM52@eW208 | |
| 低压电气装置的设计安装和检验/王厚余编著.-北京:中国电力出版社,2003.06 |
| 284页:图;19cm |
| ISBN 7-5083-1463-8:CNY18.00 |
| 为适应低压电气装置减灾和我国加入世贸组织后的低压电气装置设计、安装、检验工作与国际电工标准接轨的需要,本书依照国际电工委员会第64技术委员会出版的低压电气装置标准和发达国家的标准、资料,对低压电气安全的基本理论、电气事故的起因及其防范措施进行了较详尽的阐述。对低压装置的接地、等电位联结、电气隔离、特低电压、剩余电流动作保护器等电气安全措施的应用,以及对电击、电气火灾、谐波电流、暂态和瞬态过电压、电磁干扰等电气灾害的危害和防范作了深入浅出、通俗易懂的介绍。 |
| ● |
| 相关链接 |
|
|
|
正题名:低压电气装置的设计安装和检验
索取号:TM52/W208
 
预约/预借
| 序号 | 登录号 | 条形码 | 馆藏地/架位号 | 状态 | 备注 |
| 1 | 577562 | 205775623 | 自科库301/301自科库 12排4列2层/ [索取号:TM52/W208] | 在馆 | |
| 2 | 577563 | 205775632 | 自科库301/301自科库 12排4列2层/ [索取号:TM52/W208] | 在馆 |